[Event "Mundial Juvenil femenino 2005 s10"]
[Site "Belfort FRA"]
[Date "2005.07.28"]
[Round "9.13"]
[White "Owens, Megan"]
[Black "Chiarion, Elisa"]
[Result "1-0"]
[WhiteElo "1599"]
[BlackElo "1599"]
[PlyCount "107"]
[EventDate "2005.07.19"]
[EventType "swiss"]
[EventRounds "11"]
[EventCountry "FRA"]
[Source "lmi"]
[SourceDate "2005.07.31"]

1. d4 d5 2. c4 e6 3. cxd5 exd5 4. Nc3 c6 5. Nf3 Nd7 6. Bg5 Ngf6 7. e3 h6 8. Bh4
Be7 9. Bd3 O-O 10. O-O b6 11. Rb1 Bb7 12. b4 c5 13. bxc5 Ne4 14. Bxe7 Qxe7 15.
Na4 Bc6 16. cxb6 Bxa4 17. Qxa4 Nc3 18. Qb4 Qxb4 19. Rxb4 Nxb6 20. a3 Rfe8 21.
Ne5 Rac8 22. f3 f6 23. Ng4 Kf7 24. Re1 h5 25. Nf2 g6 26. e4 dxe4 27. Nxe4 Nxe4
28. fxe4 f5 29. e5 Red8 30. a4 Rc7 31. a5 Nc8 32. Rc4 Re7 33. Rec1 Ree8 34.
Rc7+ Kg8 35. Bc4+ Kh8 36. Bf7 Rf8 37. Be6 Nb6 38. axb6 axb6 39. Rd7 b5 40. Rxd8
Rxd8 41. Rc8 Rxc8 42. Bxc8 b4 43. Be6 Kg7 44. Bb3 g5 45. d5 Kf8 46. d6 Ke8 47.
e6 f4 48. Ba4+ Kd8 49. e7+ Kc8 50. e8=Q+ Kb7 51. Qc6+ Ka7 52. d7 b3 53. d8=R b2
54. Ra8# 1-0

[Event "Mundial Juvenil femenino 2005 s10"]
[Site "Belfort FRA"]
[Date "2005.07.28"]
[Round "9.14"]
[White "Kabai, Zsuzsanna"]
[Black "Atabayva, Gozel"]
[Result "1/2-1/2"]
[WhiteElo "1599"]
[BlackElo "1599"]
[PlyCount "53"]
[EventDate "2005.07.19"]
[EventType "swiss"]
[EventRounds "11"]
[EventCountry "FRA"]
[Source "lmi"]
[SourceDate "2005.07.31"]

1. c4 c5 2. Nc3 d6 3. Nf3 Nf6 4. g3 g6 5. Bg2 Bg7 6. O-O O-O 7. b3 Bd7 8. Bb2
Nc6 9. Rc1 Rb8 10. e3 a6 11. d4 b5 12. Qd2 Qc7 13. dxc5 dxc5 14. Rfd1 Rfd8 15.
Qe2 Na7 16. Rd2 b4 17. Nd5 Nxd5 18. Rxd5 e6 19. Rd2 Bc6 20. Rcd1 a5 21. Bxg7
Kxg7 22. e4 Rxd2 23. Rxd2 Rd8 24. Qd1 Rd7 25. Rxd7 Qxd7 26. Qxd7 Bxd7 27. Ne1
1/2-1/2

[Event "Mundial Juvenil femenino 2005 s10"]
[Site "Belfort FRA"]
[Date "2005.07.28"]
[Round "9.15"]
[White "Roy, Myriam"]
[Black "Baraeva, Irina"]
[Result "0-1"]
[WhiteElo "1599"]
[BlackElo "1599"]
[PlyCount "92"]
[EventDate "2005.07.19"]
[EventType "swiss"]
[EventRounds "11"]
[EventCountry "FRA"]
[Source "lmi"]
[SourceDate "2005.07.31"]

1. e4 c5 2. d4 cxd4 3. Nf3 g6 4. Nxd4 Bg7 5. Be3 Nc6 6. Nc3 Nf6 7. Be2 O-O 8.
O-O d5 9. exd5 Nxd5 10. Nxd5 Qxd5 11. Bf3 Qd7 12. Nxc6 bxc6 13. c3 Qb7 14. Qb3
Qc7 15. Qc2 Bf5 16. Qa4 Bd7 17. Qc2 Be5 18. h3 Qc8 19. Bd4 Bxd4 20. cxd4 Qa6
21. Qc5 e6 22. a3 Qb6 23. Qc3 Rac8 24. b4 Rfd8 25. Rfd1 Be8 26. Rac1 Rd6 27.
Qc5 Rcd8 28. g3 Qxc5 29. dxc5 Rd3 30. Kf1 R8d7 31. Rxd3 Rxd3 32. Bg2 Rxa3 33.
Rd1 Kf8 34. Rd8 Ke7 35. Rc8 Ra6 36. Rb8 Bd7 37. Rb7 Kd8 38. Rb8+ Bc8 39. b5
Ra1+ 40. Ke2 Kc7 41. Ra8 cxb5 42. h4 b4 43. Kd3 e5 44. Kc4 f5 45. Kxb4 e4 46.
Kc3 Kb7 0-1

[Event "Mundial Juvenil femenino 2005 s10"]
[Site "Belfort FRA"]
[Date "2005.07.28"]
[Round "9.16"]
[White "Eid, Maha"]
[Black "Vujnovic, Patricija"]
[Result "1-0"]
[WhiteElo "1599"]
[BlackElo "1599"]
[PlyCount "100"]
[EventDate "2005.07.19"]
[EventType "swiss"]
[EventRounds "11"]
[EventCountry "FRA"]
[Source "lmi"]
[SourceDate "2005.07.31"]

1. d4 d5 2. c4 e6 3. Nc3 Nf6 4. Bg5 Nbd7 5. e3 c6 6. Bd3 Bb4 7. Nge2 Qa5 8. Qc2
dxc4 9. Bxf6 cxd3 10. Qxd3 Nxf6 11. O-O-O Bxc3 12. Nxc3 O-O 13. h4 Qf5 14. Qe2
Ne4 15. Nxe4 Qxe4 16. f3 Qd5 17. Kb1 e5 18. g4 Re8 19. dxe5 Qxe5 20. f4 Qe4+
21. Ka1 f6 22. g5 Qxf4 23. Rd8 Qe4 24. Rxe8+ Qxe8 25. gxf6 gxf6 26. Rg1+ Kf8
27. Qg2 Qg6 28. Qh2 Qd3 29. Qg3 Qd5 30. Qg7+ Ke8 31. Qh8+ Kd7 32. Qg7+ Kd6 33.
Qxf6+ Be6 34. Qf4+ Kc5 35. Rg5 Rg8 36. Rxd5+ Bxd5 37. Qd4+ Kd6 38. e4 Re8 39.
Qf6+ Kc7 40. Qg7+ Kb6 41. Qg1+ Kc7 42. exd5 cxd5 43. a3 Rd8 44. Qc5+ Kb8 45.
Qe7 Kc8 46. Qxh7 d4 47. Qd3 Kc7 48. h5 Kc6 49. h6 Kd5 50. h7 Rh8 1-0

[Event "Mundial Juvenil femenino 2005 s10"]
[Site "Belfort FRA"]
[Date "2005.07.28"]
[Round "9.17"]
[White "Galunova, Tsveta"]
[Black "Yang, Sylvia"]
[Result "1/2-1/2"]
[WhiteElo "1599"]
[BlackElo "1599"]
[PlyCount "91"]
[EventDate "2005.07.19"]
[EventType "swiss"]
[EventRounds "11"]
[EventCountry "FRA"]
[Source "lmi"]
[SourceDate "2005.07.31"]

1. e4 d5 2. exd5 Nf6 3. d4 Nxd5 4. c4 Nb6 5. Nf3 c6 6. Nc3 N8d7 7. Be3 Nf6 8.
Bd3 Bg4 9. h3 Bh5 10. O-O e6 11. Re1 Be7 12. Rc1 O-O 13. Qe2 Rc8 14. Red1 Re8
15. Ne4 Qc7 16. Ng3 Bg6 17. Bxg6 hxg6 18. Ne5 Nbd7 19. Bf4 Nxe5 20. Bxe5 Qa5
21. a3 Nd7 22. Rc3 Nxe5 23. Qxe5 Qxe5 24. dxe5 Red8 25. Rcd3 Rxd3 26. Rxd3 Rd8
27. Rxd8+ Bxd8 28. Ne4 Bc7 29. Nd6 b6 30. b4 c5 31. Nb5 Bb8 32. f4 a6 33. Nc3
f6 34. exf6 gxf6 35. g3 Bd6 36. b5 axb5 37. Nxb5 Bb8 38. Kf2 Kf7 39. Ke3 e5 40.
Ke4 Ke6 41. Nc3 exf4 42. gxf4 Bd6 43. Nd5 b5 44. Nb6 b4 45. axb4 cxb4 46. Na4
1/2-1/2

[Event "Mundial Juvenil femenino 2005 s10"]
[Site "Belfort FRA"]
[Date "2005.07.28"]
[Round "9.18"]
[White "Guo, Emma"]
[Black "Papathanasiou, Aggeliki"]
[Result "1-0"]
[WhiteElo "1599"]
[BlackElo "1599"]
[PlyCount "55"]
[EventDate "2005.07.19"]
[EventType "swiss"]
[EventRounds "11"]
[EventCountry "FRA"]
[Source "lmi"]
[SourceDate "2005.07.31"]

1. e4 c5 2. Nc3 Nc6 3. Bb5 Nd4 4. Bc4 g6 5. Nf3 Bg7 6. Nxd4 Bxd4 7. Nb5 Bg7 8.
Qf3 e6 9. Nd6+ Ke7 10. Nxf7 Qf8 11. Nxh8 Bxh8 12. Qxf8+ Kxf8 13. O-O Rb8 14. a4
b6 15. d3 a6 16. Bf4 Rb7 17. Bxa6 Ra7 18. Bxc8 e5 19. Bg5 Rc7 20. Ba6 Bf6 21.
Bxf6 Nxf6 22. f4 Ke7 23. fxe5 Ng4 24. Rf4 Nxe5 25. Raf1 c4 26. d4 Nc6 27. Rf7+
Kd6 28. R1f6# 1-0

[Event "Mundial Juvenil femenino 2005 s10"]
[Site "Belfort FRA"]
[Date "2005.07.28"]
[Round "9.19"]
[White "Saduakassova, Dinara"]
[Black "Ho, En-Huei Danielle"]
[Result "1-0"]
[WhiteElo "1599"]
[BlackElo "1599"]
[PlyCount "123"]
[EventDate "2005.07.19"]
[EventType "swiss"]
[EventRounds "11"]
[EventCountry "FRA"]
[Source "lmi"]
[SourceDate "2005.07.31"]

1. Nf3 Nf6 2. g3 d5 3. Bg2 Bf5 4. O-O e6 5. d3 Bd6 6. Nbd2 O-O 7. Re1 c6 8. e4
dxe4 9. dxe4 Bg4 10. e5 Bxe5 11. Rxe5 Nbd7 12. Re1 Re8 13. h3 Bh5 14. Nf1 e5
15. g4 Bg6 16. Bg5 Qc7 17. Nh4 Rad8 18. Nxg6 hxg6 19. Bxf6 Nxf6 20. Qe2 Nd5 21.
Bxd5 cxd5 22. Rad1 e4 23. c3 Qe5 24. Qb5 b6 25. Ne3 d4 26. Qxe5 Rxe5 27. Rxd4
Rde8 28. Red1 f5 29. Nc4 R5e6 30. Rd6 f4 31. Rxe6 Rxe6 32. Rd6 Kf7 33. Rd7+ Re7
34. Rxe7+ Kxe7 35. Nd2 e3 36. fxe3 fxe3 37. Nc4 Ke6 38. Nxe3 Ke5 39. Kf2 Ke4
40. Ke2 b5 41. b3 a6 42. c4 bxc4 43. bxc4 Kd4 44. Kd2 a5 45. Kc2 a4 46. Kd2 g5
47. Kc2 g6 48. Kd2 a3 49. Nc2+ Kxc4 50. Nxa3+ Kd4 51. Nc2+ Kc4 52. Ke3 Kc3 53.
Ke4 Kb2 54. a4 Kxc2 55. a5 Kd2 56. Ke5 Ke3 57. Kf6 Ke4 58. a6 Kf3 59. Kxg6 Kg3
60. Kxg5 Kxh3 61. a7 Kg3 62. a8=Q 1-0

[Event "Mundial Juvenil femenino 2005 s10"]
[Site "Belfort FRA"]
[Date "2005.07.28"]
[Round "9.20"]
[White "Skrabanja, Karolina"]
[Black "Johnova, Eliska"]
[Result "1/2-1/2"]
[WhiteElo "1599"]
[BlackElo "1599"]
[PlyCount "126"]
[EventDate "2005.07.19"]
[EventType "swiss"]
[EventRounds "11"]
[EventCountry "FRA"]
[Source "lmi"]
[SourceDate "2005.07.31"]

1. e4 d5 2. exd5 Nf6 3. Nc3 Nxd5 4. Nxd5 Qxd5 5. Nf3 Bg4 6. Be2 Nc6 7. d3 e5 8.
O-O Bc5 9. h3 Bf5 10. Bg5 f6 11. Bh4 g5 12. Bg3 O-O-O 13. Qd2 e4 14. Nh2 exd3
15. Bxd3 Bxd3 16. Qxd3 Qxd3 17. cxd3 Rxd3 18. b3 Rd2 19. Nf3 Re2 20. Rac1 Ba3
21. Ra1 Rd8 22. Rfe1 Rde8 23. Kf1 Rxe1+ 24. Rxe1 Rxe1+ 25. Kxe1 Nb4 26. Kd2
Nxa2 27. Nd4 Bc5 28. Ne6 Bd6 29. Bxd6 cxd6 30. Kd3 h5 31. Kd4 Kd7 32. Ng7 h4
33. Nf5 Kc6 34. Ne3 Nc1 35. g3 Nxb3+ 36. Ke4 Nc5+ 37. Kf5 Nd7 38. gxh4 gxh4 39.
Kg4 a5 40. Kxh4 a4 41. Kg4 b5 42. h4 Ne5+ 43. Kf5 Nf3 44. h5 a3 45. h6 a2 46.
Nc2 Nd4+ 47. Nxd4+ Kd5 48. Nc2 Kc4 49. h7 Kc3 50. Ne3 a1=Q 51. h8=Q Kd2 52. Qe8
Qe5+ 53. Qxe5 fxe5 54. Ke6 Ke2 55. Kxd6 b4 56. Kxe5 Kxf2 57. Nc4 Ke2 58. Kd4
Kd1 59. Kd3 Kc1 60. Na5 Kb2 61. Kc4 Ka3 62. Kb5 b3 63. Nxb3 Kxb3 1/2-1/2

[Event "Mundial Juvenil femenino 2005 s10"]
[Site "Belfort FRA"]
[Date "2005.07.29"]
[Round "10.1"]
[White "Iwanow, Anna"]
[Black "Aflalo, Sophie"]
[Result "1/2-1/2"]
[WhiteElo "1854"]
[BlackElo "1599"]
[PlyCount "71"]
[EventDate "2005.07.19"]
[EventType "swiss"]
[EventRounds "11"]
[EventCountry "FRA"]
[Source "lmi"]
[SourceDate "2005.07.31"]

1. e4 c5 2. Nf3 Nc6 3. d4 cxd4 4. Nxd4 Nf6 5. Nc3 e5 6. Ndb5 d6 7. Bg5 a6 8.
Na3 b5 9. Nd5 Be7 10. Bxf6 Bxf6 11. c3 O-O 12. Nc2 Be6 13. Bd3 Bxd5 14. exd5
Ne7 15. Qe2 e4 16. Bxe4 Re8 17. O-O Ng6 18. Rfe1 Re5 19. Nd4 Re8 20. Nc6 Qd7
21. Qh5 Nf8 22. Re3 g6 23. Qf3 Bg7 24. Rae1 f5 25. Bc2 Rxe3 26. Qxe3 Bf6 27. g3
Kf7 28. Qf3 Re8 29. Rd1 h6 30. h4 Nh7 31. h5 Ng5 32. hxg6+ Kxg6 33. Qh1 Re2 34.
Bd3 Rxb2 35. g4 a5 36. Bf1 1/2-1/2

[Event "Mundial Juvenil femenino 2005 s10"]
[Site "Belfort FRA"]
[Date "2005.07.29"]
[Round "10.3"]
[White "Chen, Yuxuan"]
[Black "Lach, Aleksandra"]
[Result "0-1"]
[WhiteElo "1599"]
[BlackElo "1822"]
[PlyCount "136"]
[EventDate "2005.07.19"]
[EventType "swiss"]
[EventRounds "11"]
[EventCountry "FRA"]
[Source "lmi"]
[SourceDate "2005.07.31"]

1. e4 c5 2. c3 Nf6 3. e5 Nd5 4. d4 cxd4 5. cxd4 e6 6. Nf3 b6 7. Bd3 Be7 8. O-O
O-O 9. Nc3 Nxc3 10. bxc3 Bb7 11. Bc2 Ba6 12. Re1 Bb7 13. Qd3 g6 14. Bh6 Re8 15.
c4 Bf8 16. Bg5 Be7 17. Bh6 Bf8 18. Bxf8 Rxf8 19. h3 f5 20. d5 Na6 21. Rab1 Nc5
22. Qd4 Qe7 23. Rbd1 Rad8 24. Qc3 Rc8 25. Qa3 a6 26. Qb4 b5 27. cxb5 axb5 28.
dxe6 dxe6 29. Qf4 Bd5 30. Bb1 Ra8 31. Rd2 Qb7 32. Nh4 Kg7 33. Qg3 Rf7 34. Kh2
Be4 35. Qe3 Bxb1 36. Rxb1 Ne4 37. Rdb2 Qe7 38. Nf3 Ra3 39. Qe1 Nc3 40. Ra1 b4
41. Nd4 Ra6 42. Qf1 Rb6 43. Ne2 Na4 44. Rb3 Qc7 45. f4 Qe7 46. Qf2 Nc5 47. Rbb1
Ra6 48. Qd4 b3 49. axb3 Rxa1 50. Qxa1 Qb7 51. Nd4 Qe4 52. b4 Nd3 53. Nxe6+ Kh6
54. Qd4 Qe2 55. b5 Ne1 56. Qb2 Qe3 57. Qc1 Nf3+ 58. gxf3 Qf2+ 59. Kh1 Qxf3+ 60.
Kg1 Qg3+ 61. Kf1 Qf3+ 62. Ke1 Qg3+ 63. Kd2 Rd7+ 64. Kc2 Qd3+ 65. Kb2 Qxb5+ 66.
Kc2 Qc4+ 67. Kb2 Rb7+ 68. Ka3 Qa6# 0-1

[Event "Mundial Juvenil femenino 2005 s10"]
[Site "Belfort FRA"]
[Date "2005.07.29"]
[Round "10.4"]
[White "Ziaziulkina, Nastassia"]
[Black "Casusol, Cecilia"]
[Result "1-0"]
[WhiteElo "1949"]
[BlackElo "1599"]
[PlyCount "91"]
[EventDate "2005.07.19"]
[EventType "swiss"]
[EventRounds "11"]
[EventCountry "FRA"]
[Source "lmi"]
[SourceDate "2005.07.31"]

1. e4 e5 2. Nf3 Nc6 3. Bb5 a6 4. Ba4 Nf6 5. O-O d6 6. c3 Be7 7. Qe2 O-O 8. d4
exd4 9. cxd4 b5 10. Bc2 Bg4 11. Be3 Re8 12. Nbd2 Bf8 13. Rac1 Qd7 14. Bb1 h6
15. Rc3 Rac8 16. h3 Bh5 17. Rfc1 Nd8 18. a3 Qe7 19. b4 Nh7 20. e5 dxe5 21. dxe5
Qd7 22. Qd3 Qxd3 23. Bxd3 Ne6 24. Bf5 Re7 25. Bb6 Nf4 26. Rxc7 Rcxc7 27. Rxc7
Rxc7 28. Bxc7 Nd5 29. Bd8 Nc3 30. Bc8 Bxf3 31. gxf3 g6 32. Bxa6 Bg7 33. Bc7 Ng5
34. Kg2 Kf8 35. h4 Ne6 36. Bd6+ Ke8 37. Ne4 Nf4+ 38. Kf1 Nb1 39. Bxb5+ Kd8 40.
a4 Na3 41. Ba6 Nc2 42. Bc4 Ke8 43. b5 Nd4 44. b6 Kd7 45. b7 Kc6 46. Bb5+ 1-0

[Event "Mundial Juvenil femenino 2005 s10"]
[Site "Belfort FRA"]
[Date "2005.07.29"]
[Round "10.5"]
[White "Mucha, Magdalena"]
[Black "Efroimski, Marsel"]
[Result "0-1"]
[WhiteElo "1599"]
[BlackElo "1599"]
[PlyCount "101"]
[EventDate "2005.07.19"]
[EventType "swiss"]
[EventRounds "11"]
[EventCountry "FRA"]
[Source "lmi"]
[SourceDate "2005.07.31"]

1. f4 d5 2. Nf3 c5 3. g3 Nf6 4. Bg2 g6 5. O-O Bg7 6. d3 Nc6 7. Qe1 Qb6 8. Kh1
Ng4 9. c3 d4 10. Qd2 Ne3 11. Re1 e5 12. cxd4 exd4 13. Na3 Be6 14. Ng5 Qa6 15.
b3 Ne7 16. Nc4 Bxc4 17. bxc4 N7f5 18. Qb2 Nxg2 19. Kxg2 O-O 20. Qb1 Qc6+ 21.
Kg1 b6 22. Qc2 Rfe8 23. Ne4 h5 24. Rf1 Re7 25. Bd2 Rae8 26. Rae1 Nh6 27. Bc1
Qc7 28. Kg2 Nf5 29. h3 Qc6 30. Kh2 Qd7 31. Kg2 Nh6 32. a3 Qc6 33. Kh2 f6 34.
Rf2 Nf7 35. Rg2 f5 36. Nd2 Bh6 37. Nf3 Qd6 38. Qd2 a6 39. a4 Re3 40. Qd1 R3e6
41. Qd2 Qe7 42. h4 Re3 43. Rf2 Qd7 44. Qd1 R3e6 45. Ng5 Bxg5 46. hxg5 Kg7 47.
Kg2 Qc6+ 48. Rf3 b5 49. axb5 axb5 50. cxb5 Qxb5 51. Kf2 0-1

[Event "Mundial Juvenil femenino 2005 s10"]
[Site "Belfort FRA"]
[Date "2005.07.29"]
[Round "10.6"]
[White "Roy, Ali"]
[Black "Fataliyeva, Ulviyya"]
[Result "0-1"]
[WhiteElo "1599"]
[BlackElo "1599"]
[PlyCount "36"]
[EventDate "2005.07.19"]
[EventType "swiss"]
[EventRounds "11"]
[EventCountry "FRA"]
[Source "lmi"]
[SourceDate "2005.07.31"]

1. e4 e5 2. Bc4 Nf6 3. d3 Bc5 4. Nf3 Nc6 5. h3 h6 6. Nc3 d6 7. O-O O-O 8. Bd2
a6 9. a4 a5 10. Re1 Nh5 11. Nxe5 Qh4 12. Bxf7+ Rxf7 13. Nxf7 Qxf2+ 14. Kh2 Qh4
15. Nxh6+ gxh6 16. Bxh6 Bxh3 17. gxh3 Qg3+ 18. Kh1 Qxh3# 0-1

[Event "Mundial Juvenil femenino 2005 s10"]
[Site "Belfort FRA"]
[Date "2005.07.29"]
[Round "10.7"]
[White "Saikhanchimeg, Tsogtsaikman"]
[Black "Gaboyan, Susanna"]
[Result "0-1"]
[WhiteElo "1599"]
[BlackElo "1599"]
[PlyCount "120"]
[EventDate "2005.07.19"]
[EventType "swiss"]
[EventRounds "11"]
[EventCountry "FRA"]
[Source "lmi"]
[SourceDate "2005.07.31"]

1. e4 c6 2. d4 d5 3. e5 Bf5 4. Bd3 Bxd3 5. Qxd3 e6 6. Nf3 Ne7 7. c3 h6 8. a3
Nf5 9. b4 a5 10. Bb2 b6 11. Nbd2 c5 12. O-O Qd7 13. bxc5 bxc5 14. Rfd1 Nc6 15.
c4 cxd4 16. cxd5 Qxd5 17. Nc4 Bc5 18. Rd2 O-O 19. Rad1 Qd7 20. Bc3 Qb7 21. Bb2
Rfd8 22. Qe4 Qb5 23. Rc1 Rd5 24. g4 Nfe7 25. Bxd4 Bxd4 26. Nxd4 Qc5 27. Nxc6
Qxc6 28. Qe1 Rc5 29. Rdc2 Qc7 30. Qe4 Rc8 31. Ne3 Qb6 32. Rxc5 Rxc5 33. Rxc5
Qxc5 34. Qa4 Qc1+ 35. Kg2 Qc6+ 36. Qxc6 Nxc6 37. Nc4 Kh7 38. f4 Kg6 39. Kf3
Nd4+ 40. Ke4 Nc6 41. Nd6 Ne7 42. h3 f6 43. Nb7 Nc6 44. Nd6 fxe5 45. fxe5 Kg5
46. Nb5 Kh4 47. Nc7 Nd8 48. Ne8 g6 49. Kd4 Nc6+ 50. Kc5 Nxe5 51. Kd6 Nc4+ 52.
Kxe6 Kxh3 53. Nf6 a4 54. Kf7 Ne5+ 55. Ke6 Nxg4 56. Ne4 Ne3 57. Kf6 g5 58. Kg6
g4 59. Kxh6 g3 60. Nxg3 Kxg3 0-1

[Event "Mundial Juvenil femenino 2005 s10"]
[Site "Belfort FRA"]
[Date "2005.07.29"]
[Round "10.8"]
[White "Ivekovic, Tihana"]
[Black "Owens, Megan"]
[Result "1-0"]
[WhiteElo "1599"]
[BlackElo "1599"]
[PlyCount "95"]
[EventDate "2005.07.19"]
[EventType "swiss"]
[EventRounds "11"]
[EventCountry "FRA"]
[Source "lmi"]
[SourceDate "2005.07.31"]

1. e4 c5 2. Nf3 a6 3. d4 cxd4 4. Nxd4 e5 5. Nf3 Nf6 6. Bd3 d5 7. exd5 e4 8. Qe2
Qe7 9. d6 Qe6 10. Bc4 Qxd6 11. Ng5 Ng4 12. Nxf7 Qf6 13. Nxh8 Ne5 14. Nc3 Bg4
15. Qxe4 Bc5 16. Be3 Bxe3 17. Qxe3 Nbc6 18. O-O O-O-O 19. Bb3 Re8 20. Nd5 Qf5
21. Qf4 Qxf4 22. Nxf4 g5 23. Bf7 Nxf7 24. Nxf7 Rf8 25. Nxg5 Rxf4 26. Nxh7 Bf5
27. Ng5 Rg4 28. Nf7 Be6 29. Nd6+ Kc7 30. Ne8+ Kb6 31. Nf6 Rg6 32. Nh5 Rg5 33.
Ng3 Nd4 34. Rad1 Nf5 35. Nxf5 Bxf5 36. c3 Bh3 37. g3 Kc5 38. f4 Rf5 39. Rfe1
Bg4 40. Rd2 b5 41. Re5+ Rxe5 42. fxe5 a5 43. Kf2 b4 44. cxb4+ axb4 45. Ke3 Be6
46. b3 Bd5 47. h4 Bf7 48. g4 1-0

[Event "Mundial Juvenil femenino 2005 s10"]
[Site "Belfort FRA"]
[Date "2005.07.29"]
[Round "10.9"]
[White "Kou, Yingya"]
[Black "Wang, Jiating"]
[Result "1-0"]
[WhiteElo "1599"]
[BlackElo "1599"]
[PlyCount "69"]
[EventDate "2005.07.19"]
[EventType "swiss"]
[EventRounds "11"]
[EventCountry "FRA"]
[Source "lmi"]
[SourceDate "2005.07.31"]

1. e4 c6 2. d4 d5 3. exd5 cxd5 4. Bd3 Nf6 5. Bf4 Nc6 6. c3 e6 7. Nf3 Be7 8. O-O
O-O 9. Nbd2 a5 10. Ne5 h6 11. Bg3 Bd7 12. f4 Na7 13. h3 b5 14. a3 Qb6 15. Ndf3
Nc8 16. Nxd7 Nxd7 17. Ne5 Nf6 18. Bh4 Rd8 19. f5 exf5 20. Rxf5 Qd6 21. Bxf6
Bxf6 22. Qg4 Qe6 23. Qg3 Nd6 24. Rf3 Bxe5 25. dxe5 Nc4 26. Bxc4 dxc4 27. Rf6
Qd5 28. Rxh6 Qd2 29. Rh5 Qxb2 30. Rf1 Rd2 31. e6 Rf8 32. exf7+ Rxf7 33. Qb8+
Rd8 34. Qxd8+ Rf8 35. Qxf8# 1-0

[Event "Mundial Juvenil femenino 2005 s10"]
[Site "Belfort FRA"]
[Date "2005.07.29"]
[Round "10.10"]
[White "Baraeva, Irina"]
[Black "Saduakassova, Dinara"]
[Result "0-1"]
[WhiteElo "1599"]
[BlackElo "1599"]
[PlyCount "122"]
[EventDate "2005.07.19"]
[EventType "swiss"]
[EventRounds "11"]
[EventCountry "FRA"]
[Source "lmi"]
[SourceDate "2005.07.31"]

1. c4 e5 2. Nc3 d6 3. g3 g6 4. Bg2 Bg7 5. Nf3 Ne7 6. O-O h5 7. d4 Nd7 8. h4 Nf5
9. d5 Nf6 10. e4 Nh6 11. Bg5 Nhg4 12. Nh2 Nxh2 13. Kxh2 Ng4+ 14. Kg1 f6 15. Bd2
O-O 16. Qc1 Kh7 17. f3 Nh6 18. b4 a5 19. b5 f5 20. Bg5 Qe8 21. a4 Nf7 22. Bd2
b6 23. Qc2 Bh6 24. Rae1 Bxd2 25. Qxd2 Nh6 26. Qe2 f4 27. Qf2 Qe7 28. Ne2 fxg3
29. Qxg3 Bd7 30. Kh2 Nf7 31. Rg1 Qf6 32. Bf1 Rg8 33. Bh3 Bxh3 34. Qxh3 Raf8 35.
Ref1 Nd8 36. Rg5 Nf7 37. Rg3 Qe7 38. Rfg1 Qf6 39. Kh1 Nd8 40. Rf1 Qe7 41. Rg2
Nb7 42. Rfg1 Qf7 43. Rf1 Nc5 44. Nc3 Nd3 45. Qg3 Nf4 46. Rgf2 Qd7 47. Ne2 Qh3+
48. Qxh3 Nxh3 49. Rg2 g5 50. hxg5 Rxg5 51. Rxg5 Nxg5 52. Kg2 h4 53. Ng1 Kh6 54.
Nh3 Rg8 55. Kh2 Nxh3 56. Kxh3 Kh5 57. Kh2 Rg3 58. Rf2 Kg5 59. Rf1 Kf4 60. Rf2
Rxf3 61. Re2 Rc3 0-1

[Event "Mundial Juvenil femenino 2005 s10"]
[Site "Belfort FRA"]
[Date "2005.07.29"]
[Round "10.11"]
[White "Baraeva, Marina"]
[Black "Guo, Emma"]
[Result "0-1"]
[WhiteElo "1599"]
[BlackElo "1599"]
[PlyCount "104"]
[EventDate "2005.07.19"]
[EventType "swiss"]
[EventRounds "11"]
[EventCountry "FRA"]
[Source "lmi"]
[SourceDate "2005.07.31"]

1. c4 e5 2. Nc3 Nf6 3. g3 Nc6 4. Bg2 Bc5 5. e3 d5 6. cxd5 Nb4 7. Qb3 c6 8. Na4
b6 9. Nxc5 bxc5 10. Qc3 O-O 11. dxc6 Nd3+ 12. Kf1 Ba6 13. Ne2 Nd5 14. Qb3 Qf6
15. f3 N5b4 16. Qa4 Qxc6 17. Qxc6 Nxc6 18. f4 Rac8 19. b3 Ncb4 20. Kg1 c4 21.
bxc4 Bxc4 22. a4 Nc2 23. Rb1 Ba2 24. Rb7 Nxc1 25. Nxc1 Be6 26. Ne2 exf4 27.
Nxf4 Rcd8 28. d3 Nxe3 29. Rxa7 g5 30. Nh5 Nxg2 31. Kxg2 Bd5+ 32. Kg1 Bxh1 33.
Kxh1 Ra8 34. Rd7 Rxa4 35. d4 Rb8 36. Kg2 Ra6 37. d5 g4 38. Kf2 Rh6 39. Nf4
Rxh2+ 40. Ke3 Rb3+ 41. Ke4 Rxg3 42. d6 Rg1 43. Re7 Kf8 44. Kf5 Rd2 45. Ke5 Re1+
46. Kf6 Rxd6+ 47. Ne6+ Rexe6+ 48. Rxe6 Rxe6+ 49. Kg5 g3 50. Kh4 g2 51. Kh3 g1=Q
52. Kh4 Rh6# 0-1

[Event "Mundial Juvenil femenino 2005 s10"]
[Site "Belfort FRA"]
[Date "2005.07.29"]
[Round "10.12"]
[White "Milotunovic, Stefana"]
[Black "Eid, Maha"]
[Result "1/2-1/2"]
[WhiteElo "1599"]
[BlackElo "1599"]
[PlyCount "43"]
[EventDate "2005.07.19"]
[EventType "swiss"]
[EventRounds "11"]
[EventCountry "FRA"]
[Source "lmi"]
[SourceDate "2005.07.31"]

1. d4 d5 2. c4 e6 3. Nc3 Be7 4. cxd5 exd5 5. Qc2 Nf6 6. Bg5 c6 7. e3 O-O 8. Bd3
h6 9. Bh4 Re8 10. Nf3 Ne4 11. Bxe7 Qxe7 12. Bxe4 dxe4 13. Nd2 f5 14. O-O Be6
15. Rfc1 Nd7 16. Rab1 Rac8 17. b4 Nb6 18. Na4 Nd5 19. a3 b6 20. Nc3 Nf6 21. Ne2
Nd5 22. Nc3 1/2-1/2

[Event "Mundial Juvenil femenino 2005 s10"]
[Site "Belfort FRA"]
[Date "2005.07.29"]
[Round "10.14"]
[White "Saligo, Laura"]
[Black "Anakidze, Nino"]
[Result "0-1"]
[WhiteElo "1599"]
[BlackElo "1963"]
[PlyCount "64"]
[EventDate "2005.07.19"]
[EventType "swiss"]
[EventRounds "11"]
[EventCountry "FRA"]
[Source "lmi"]
[SourceDate "2005.07.31"]

1. d4 d5 2. Nf3 Nf6 3. Bf4 e6 4. Nc3 a6 5. a3 c5 6. e3 Nc6 7. Be2 Be7 8. h3 O-O
9. O-O b5 10. Qc1 Qb6 11. Ne5 Bb7 12. Nxc6 Bxc6 13. Qd2 Rfc8 14. Na2 Ne4 15.
Qd1 a5 16. c3 b4 17. axb4 cxb4 18. cxb4 axb4 19. b3 Ra3 20. f3 Nf6 21. Qd2 Rxb3
22. Nc1 Ra3 23. Rxa3 bxa3 24. Na2 Bd7 25. Kh1 Qb3 26. Bd1 Qc4 27. Rf2 Qb5 28.
Kh2 Nh5 29. e4 Nxf4 30. Qxf4 Qd3 31. Rd2 Qa6 32. exd5 Bd6 0-1

[Event "Mundial Juvenil femenino 2005 s10"]
[Site "Belfort FRA"]
[Date "2005.07.29"]
[Round "10.15"]
[White "Atabayva, Gozel"]
[Black "Skrabanja, Karolina"]
[Result "1-0"]
[WhiteElo "1599"]
[BlackElo "1599"]
[PlyCount "97"]
[EventDate "2005.07.19"]
[EventType "swiss"]
[EventRounds "11"]
[EventCountry "FRA"]
[Source "lmi"]
[SourceDate "2005.07.31"]

1. e4 e5 2. Nf3 Nc6 3. d4 d6 4. dxe5 Nxe5 5. Nxe5 dxe5 6. Qxd8+ Kxd8 7. Bc4 f6
8. O-O Bd7 9. Nc3 Bc6 10. a3 Bd6 11. Be3 Ne7 12. h3 a6 13. Rad1 Kd7 14. Rfe1
Rad8 15. Bb3 Kc8 16. Be6+ Kb8 17. Rd2 Bd7 18. Bxd7 Rxd7 19. Red1 Rhd8 20. Kf1
Kc8 21. Nd5 Nxd5 22. Rxd5 c6 23. R5d2 Kc7 24. Ke2 Be7 25. Bb6+ Kxb6 26. Rxd7
Re8 27. g4 g5 28. f3 h6 29. a4 a5 30. b3 c5 31. c3 Kc6 32. R7d3 b6 33. Rd7 Bf8
34. Rf7 Be7 35. Rh7 b5 36. axb5+ Kxb5 37. Rd7 Bd8 38. Rxh6 c4 39. bxc4+ Kxc4
40. Kd2 a4 41. Ra7 Kb3 42. Rhh7 a3 43. Rhb7+ Kc4 44. Rxa3 Be7 45. Ra5 Bd6 46.
Rd5 Rd8 47. Kc2 f5 48. gxf5 Bc7 49. Rxc7# 1-0

[Event "Mundial Juvenil femenino 2005 s10"]
[Site "Belfort FRA"]
[Date "2005.07.29"]
[Round "10.16"]
[White "Sasmazel, Burcu"]
[Black "Bohorquez, Maria"]
[Result "1-0"]
[WhiteElo "1599"]
[BlackElo "1599"]
[PlyCount "61"]
[EventDate "2005.07.19"]
[EventType "swiss"]
[EventRounds "11"]
[EventCountry "FRA"]
[Source "lmi"]
[SourceDate "2005.07.31"]

1. e4 e5 2. Nf3 Nc6 3. Bc4 Bc5 4. d3 Nf6 5. O-O d6 6. h3 Be6 7. Bxe6 fxe6 8.
Nc3 Qe7 9. Na4 Bb6 10. Nxb6 axb6 11. Bg5 h6 12. Bxf6 gxf6 13. Nh4 Qf7 14. f4
O-O-O 15. f5 exf5 16. Nxf5 Rdg8 17. Qf3 Rg5 18. Ne3 Rhg8 19. Qxf6 Qxf6 20. Rxf6
Rg3 21. Ng4 h5 22. Kh2 Rxg2+ 23. Kxg2 hxg4 24. hxg4 Rxg4+ 25. Kh3 Rg5 26. Rf5
Rg7 27. c3 Kd7 28. Raf1 Rh7+ 29. Kg3 Rg7+ 30. Kf2 Ne7 31. Rh5 1-0